Атлас турбин ГТД (ТРД и ТВД). Т. 4 (Запись № 6036954)

Подробности
000 -МАРКЕР
контрольное поле 01148nam2a22002291 4500
001 - ИДЕНТИФИКАТОР ЗАПИСИ
контрольное поле rc\2375764
005 - ИДЕНТИФИКАТОР ВЕРСИИ
контрольное поле 20250622235830.0
035 ## - ДРУГИЕ СИСТЕМНЫЕ НОМЕРА
Идентификатор записи (NLR Aleph) 006481348
100 ## - ДАННЫЕ ОБЩЕЙ ОБРАБОТКИ
Данные общей обработки 20110829d1977 |||y0rusy50 ca
101 0# - ЯЗЫК РЕСУРСА
Язык текста, звукозаписи и т.д. русский
102 ## - СТРАНА ПУБЛИКАЦИИ ИЛИ ПРОИЗВОДСТВА
Страна публикации Российская Федерация
105 ## - ПОЛЕ КОДИРОВАННЫХ ДАННЫХ: ТЕКСТОВЫЕ МАТЕРИАЛЫ, МОНОГРАФИЧЕСКИЕ
Кодированные данные о монографическом текстовом документе y z |||||
200 0# - ЗАГЛАВИЕ И СВЕДЕНИЯ ОБ ОТВЕТСТВЕННОСТИ
Основное заглавие Т. 4
210 ## - ПУБЛИКАЦИЯ, РАСПРОСТРАНЕНИЕ И ДР.
Дата издания, распространения и т.д. 1977
Место издания, распространения и т.д. Б. м.
333 ## - ПРИМЕЧАНИЯ ОБ ОСОБЕННОСТЯХ РАСПРОСТРАНЕНИЯ И ИСПОЛЬЗОВАНИЯ
Текст примечания ДСП
461 #0 - УРОВЕНЬ НАБОРА
Встроенное поле 001rc\2375763
-- 2001#$aАтлас турбин ГТД (ТРД и ТВД)$e[Учеб. пособие для курсового и дипломного проектирования]$fПод ред. проф., д. т. н. Скубачевского Г.С. Вып. 4-$gМоск. авиац. ин-т им. С. Орджоникидзе. Кафедра 203$vТ. 4
Системный номер (АБИС) связанной записи 7265021
Место публикации [Москва]
Дата публикации 1977
Первые сведения об ответственности Под ред. проф., д. т. н. Скубачевского Г.С. Вып. 4-
Имя издателя, распространителя и т.д. Б. и.
Сведения, относящиеся к заглавию [Учеб. пособие для курсового и дипломного проектирования]
Заглавие Атлас турбин ГТД (ТРД и ТВД)
Номер тома Т. 4
801 #0 - ИСТОЧНИК ЗАПИСИ
Страна Российская Федерация
Организация NLR
Правила каталогизации psbo
801 #1 - ИСТОЧНИК ЗАПИСИ
Страна Российская Федерация
Организация ELAR
Источник данных rusmarc
852 ## - МЕСТОНАХОЖДЕНИЕ И ШИФР ХРАНЕНИЯ
Идентификатор организации NLR
Шифр хранения (Call Number) 77-50К/1618
942 ## - ДОПОЛНИТЕЛЬНЫЕ ЭЛЕМЕНТЫ ЗАПИСИ (АБИС)
Тип экземпляра АБИС Книга
980 ## - КОЛЛЕКЦИЯ
Название коллекции Национальная библиография
Экземпляры
Тип экземпляра Дата поступления Библиотека постоянного хранения Библиотека текущего хранения Место хранения Шифр хранения Штрих-код Статус экземпляра
Книга 26.10.2013 РНБ (Московский) РНБ (Московский) Фонд литературы для служебного пользования 77-50К/1618 6481348-10